Normal view MARC view
  • Preeti Gulati

Entry Personal Name

Number of records used in: 1

001 - CONTROL NUMBER

  • control field: 12692

003 - CONTROL NUMBER IDENTIFIER

  • control field: OSt

005 - DATE AND TIME OF LATEST TRANSACTION

  • control field: 20260326191228.0

008 - FIXED-LENGTH DATA ELEMENTS

  • fixed length control field: 260326|| aca||aabn | a|a d

040 ## - CATALOGING SOURCE

  • Original cataloging agency: OSt
  • Transcribing agency: OSt

100 ## - HEADING--PERSONAL NAME

  • Personal name: Preeti Gulati

670 ## - SOURCE DATA FOUND

  • Source citation: Work cat.: (OSt)758178: Thapar, Romila 12690, Women writing history:, 2025.